000 00816nam a22002177a 4500
999 _c7124
_d7124
003 AR-CdUCM
008 190319b ||||| |||| 00| 0 spa d
040 _aMUNICIPALIDAD PROVINCIAL DEL CUSCO
_cBIBLIOTECA MUNICIPAL DEL CUSCO
082 _a536 /
_bV62
100 _aVielstich, Wolf
_920080
245 _aCélulas de Combustión /
260 _aEspaña :
_bUrmo,
_c1973.
300 _a416 paginas ;
_c25 cm.
505 _aContenido :Reacciones en los electrodos -- Células de combustión clásicas -- Tipos especiales -- Convertidor electroquimico de calor -- Almacenamiento electroquimico de energía ...
650 _aQuímica aplicada
_920081
650 _aQuímica pura
_910177
650 _aFísica
_92382
700 _aMedrano, A. Gonzalo (traductor) y otros
_920082
942 _2ddc
_cLIBROS
945 _arum